| 000 | 00939nam a22002897a 4500 | ||
|---|---|---|---|
| 003 | MX-MxUPN | ||
| 005 | 20250311063807.0 | ||
| 008 | 240208s1997 mx a|||gr|||| 001 0 spa d | ||
| 020 | _a9682404878 | ||
| 040 |
_aMX-MxUPN _bspa _dMX-MxUPN |
||
| 041 |
_aspa _hfre |
||
| 050 | 4 |
_aTK5105.883.N48 _bL43 1997 |
|
| 100 | 1 |
_953750 _aLeduc, Daniel, _d1965- |
|
| 100 | 1 |
_953748 _aSt-Pierre, Armand |
|
| 240 |
_aL’ Internet avec Netscape 2.0 Plus. _lEspañol |
||
| 245 | 1 | 0 |
_aInternet con Netscape 2.0 plus : _bguía práctica de navegación |
| 250 | _aPrimera edición | ||
| 260 |
_aMéxico, D.F.: _bEditorial Trillas, _c1997 |
||
| 300 |
_a254 páginas : _bilustraciones |
||
| 504 | _aIncluye índice. | ||
| 630 | 0 | 0 |
_953749 _aNetscape |
| 650 | 4 |
_aInternet _9547 |
|
| 650 | 2 |
_912328 _aWorld Wide Web (Sistema de recuperación de información) |
|
| 902 |
_aLC080224 _bMaríaRobles/260924 |
||
| 942 |
_2lcc _cLIBRO _n0 |
||
| 999 |
_c210936 _d210936 |
||